Städte in der Eu - Statistiken

Allgemein
  • Dieses Quiz wurde 187 mal gespielt
  • Das Durchschnittsergebnis liegt bei 10 aus 15
Answers on the Grid
Answers color-coded by a green-red scale on the quiz's grid according to % correct below.
Berlin
Madrid
Rom
Paris
Birmingham
Warschau
Hamburg
Bukarest
Barcelona
München
Prag
Mailand
Sofia
Köln
Istanbul
Moskau
London
Wien
Sankt Petersburg
Kiew
Minsk
Budapest
Charkiw
Kasan
Belgrad
Nischi Nowgorod
Odessa
 
Antwortstatistiken
Antwort % Korrekt
Rom
78%
Köln
76%
München
75%
Barcelona
72%
Berlin
72%
Budapest
72%
Hamburg
72%
Paris
72%
Mailand
70%
Prag
70%
Warschau
70%
Wien
70%
Madrid
67%
Sofia
57%
Bukarest
55%
Keine übereinstimmenden Quizze gefunden
Verteilung der Resultate
Anzahl Personen mit jedem Resultat
Perzentil nach korrekt beantworteten Fragen
Ihre Resultats-Entwicklung
Sie haben dieses Quiz noch nicht gespielt